Faculty of Law Library — Cairo University

Official Online Catalog

Actes de la conférence : (Record no. 49434)

MARC details
000 -LEADER
fixed length control field 01145nam a22003017i 4500
003 - CONTROL NUMBER IDENTIFIER
control field EG-GICUC
005 - DATE AND TIME OF LATEST TRANSACTION
control field 20260121101446.0
008 - FIXED-LENGTH DATA ELEMENTS--GENERAL INFORMATION
fixed length control field 251209s1939 fr ||||fry||| 00| 0 fre d
040 ## - CATALOGING SOURCE
Original cataloging agency EG-GiCUC
Language of cataloging fre
Transcribing agency EG-GiCUC
Modifying agency EG-GiCUC
Description conventions Rda
041 ## - LANGUAGE CODE
Language code of text/sound track or separate title fre
082 04 - DEWEY DECIMAL CLASSIFICATION NUMBER
Edition number 21
Classification number 341.7705
Item number IN . A
092 04 - LOCALLY ASSIGNED DEWEY CALL NUMBER (OCLC)
Edition number 21
099 ## - LOCAL FREE-TEXT CALL NUMBER (OCLC)
Classification number Law1 11 341.7705 IN . A 1939
111 #2 - MAIN ENTRY--MEETING NAME
Meeting name or jurisdiction name as entry element Conférence internationale pour l'unification du droit pénal
Number of part/section/meeting (7th :
Date of meeting or treaty signing 1939 :
Location of meeting Cairo, Egypt)
245 10 - TITLE STATEMENT
Title Actes de la conférence :
Remainder of title ous la direction de S. E. Abdel Hamid Badaoui Pacha ; avec le concours de S. E. Vespasien Pella et de S. E. Abdel Fattah El-Sayed.
264 #1 - PRODUCTION, PUBLICATION, DISTRIBUTION, MANUFACTURE, AND COPYRIGHT NOTICE
Place of production, publication, distribution, manufacture Paris :
Name of producer, publisher, distributor, manufacturer A. Pedone,
Date of production, publication, distribution, manufacture, or copyright notice 1939.
300 ## - PHYSICAL DESCRIPTION
Extent 485 pages ;
Dimensions 24 cm.
336 ## - CONTENT TYPE
Source rda contenu
Content type term texte
337 ## - MEDIA TYPE
Source rda medias
Media type term Ordinateur
338 ## - CARRIER TYPE
Source transporteur rda
Carrier type term Ressource en ligne
504 ## - BIBLIOGRAPHY, ETC. NOTE
Bibliography, etc. note Includes bibliographical references.<br/>
546 ## - LANGUAGE NOTE
Language note Texte en français
650 14 - SUBJECT ADDED ENTRY--TOPICAL TERM
Topical term or geographic name entry element Droit pénal international
General subdivision Droit international public
Source of heading or term qrmak
651 1# - SUBJECT ADDED ENTRY--GEOGRAPHIC NAME
Source of heading or term qrmak
856 40 - ELECTRONIC LOCATION AND ACCESS
Uniform Resource Identifier <a href="https://fll.law.cu.edu.eg/fulltext/bks/B11-05318.pdf">https://fll.law.cu.edu.eg/fulltext/bks/B11-05318.pdf</a>
905 ## - Cataloger and Reviser Names
Cataloger Name: Rawan khaled
Revisor Name: Hassnaa
942 ## - ADDED ENTRY ELEMENTS (KOHA)
Source of classification or shelving scheme Dewey Decimal Classification
Koha item type Conference proceedings
Edition 21
Suppress in OPAC No
Holdings
Withdrawn status Lost status Source of classification or shelving scheme Damaged status Not for loan Collection Home library Current library Date acquired Total checkouts Full call number Barcode Date last seen Copy number Price effective from Koha item type
    Dewey Decimal Classification   Not for loan القانون الدولي العام جــــامعة القــاهرة مكتبة كلية الحقوق - المبنى الرئيسي 09.12.2025   Law1 11 341.7705 IN . A 1939 1105318 C1 B11-05318 09.12.2025 1 09.12.2025 Conference proceedings
    Dewey Decimal Classification     القانون الدولي العام جــــامعة القــاهرة مكتبة كلية الحقوق - المبنى الرئيسي 23.02.2026   Law1 11 341.7705 IN . A 1939 1101001 C2 B11-01001 23.02.2026 2 23.02.2026 Books
    Dewey Decimal Classification     القانون الجنائي جــــامعة القــاهرة مكتبة كلية الحقوق - فـرع الشيخ زايد 28.04.2026   Law2 11 341.7705 IN . A 1939 1011587 C3 B10-11587 28.04.2026 3 28.04.2026 Conference proceedings

© All rights reserved — Faculty of Law, Cairo University